000 01323nam a22002415i 4500
001 153356
003 ES-MaACL
005 20250723052420.0
008 990618s1765 sp |||| | spa d
040 _aCLM
_bspa
_cCLM
100 1 _aCuesta, Leonardo Antonio de la.
_9126663
245 1 0 _aFeijoò critico-moral, y reflexivo de su theatro sobre errores comunes
_b: con un breve resumen de cada uno de sus discursos ... /
_csu autor Don Leonardo Antonio de la Cuesta ... ; tomo septimo.
260 _aEn Madrid :
_ben la Oficina de Manuel Martin ...,
_c1765.
300 _a[4], 28, [4], 29-56, [4], 57-85, [3], 87-114, [4], 115-142, [4], 143-172, [2], 173-201, [3], 203-231, [3], 233-262, [2], 263-291, [3], 293-320, [4], 321-348, [4], 349-278 [i.e. 378], [2], 379-436, [4], 437-465, [3], 467-496, [2], 497-523, [3] p. ;
_c8º.
597 _aSign.: [ ]\p1\s, A-2N\p8\s.
597 _aError tip. de pag. en p. 378 pone 278.
597 _aCada discurso con portadilla propia.
600 1 7 _aFeijoo, Benito Jerónimo,
_d1676-1764-
_xCrítica e interpretación
_2
_9127030
700 1 1 _aMartín, Manuel,
_eimp.
_977344
752 _aEspaña -
_dMadrid
852 _aES-MaACL
_jR-1260
_z-- Enc. perg.
_x-- Edic.: en colofón consta: "Hallaràse todos los martes en la librería de Castillo ..."
999 _c153356
_d153356